Statistics for County-Level Divisions of Qinghai, China

Click here to take the quiz!

General Stats

  • This quiz has been taken 25 times
  • The average score is 22 of 44

Answer Stats

Prefecture-level City 地級市Answer% Correct
Haixi 海西Delingha 德令哈
100%
Yushu 玉樹Yushu 玉樹
100%
Xining 西寧Chengzhong 城中
92%
Haixi 海西Ge'Ermu 格爾木
92%
Xining 西寧Chengbei 城北
83%
Xining 西寧Chengdong 城東
83%
Xining 西寧Chengxi 城西
83%
Haixi 海西Mangya 茫崖
83%
Hainan 海南Gonghe 共和
75%
Xining 西寧Huangyuan 湟源
75%
Xining 西寧Huangzhong 湟中
75%
Haidong 海東Huzhu 互助
75%
Xining 西寧Datong 大通
67%
Haidong 海東Ping'An 平安
67%
Yushu 玉樹Chengduo 稱多
58%
Haibei 海北Menyuan 門源
58%
Haidong 海東Minhe 民和
58%
Haibei 海北Qilian 祁連
58%
Haibei 海北Haiyan 海晏
50%
Huangnan 黃南Henan 河南
50%
Haidong 海東Ledu 樂都
50%
Guoluo 果洛Maduo 瑪多
50%
Guoluo 果洛Maqin 瑪沁
50%
Haixi 海西Dulan 都蘭
42%
Haidong 海東Hualong 化隆
42%
Haixi 海西Wulan 烏蘭
42%
Haidong 海東Xunhua 循化
42%
Haibei 海北Gangcha 剛察
33%
Hainan 海南Guide 貴德
33%
Yushu 玉樹Qumalai 曲麻萊
33%
Haixi 海西Tianjun 天峻
33%
Huangnan 黃南Tongren 同仁
33%
Yushu 玉樹Zaduo 雜多
33%
Yushu 玉樹Zhiduo 治多
33%
Guoluo 果洛Dari 達日
25%
Yushu 玉樹Nangqian 囊謙
25%
Hainan 海南Tongde 同德
25%
Hainan 海南Xinghai 興海
25%
Huangnan 黃南Zeku 澤庫
25%
Guoluo 果洛Baima 班瑪
17%
Guoluo 果洛Gande 甘德
17%
Hainan 海南Guinan 貴南
17%
Huangnan 黃南Jianzha 尖扎
17%
Guoluo 果洛Jiuzhi 久治
17%

Score Distribution

Percentile by Number Answered

Percent of People with Each Score

Your Score History

You have not taken this quiz